LIBRARY & INFORMATION CENTRE, KCAET, TAVANUR

ONLINE PUBLIC ACCESS CATALOGUE (OPAC)

Fluid Mechanics Through Problems (Record no. 19316)

MARC details
000 -LEADER
fixed length control field 00407nam a22001697a 4500
003 - CONTROL NUMBER IDENTIFIER
control field OSt
008 - FIXED-LENGTH DATA ELEMENTS--GENERAL INFORMATION
fixed length control field 250206b |||||||| |||| 00| 0 eng d
020 ## - INTERNATIONAL STANDARD BOOK NUMBER
ISBN 81-224-0106-6
041 ## - LANGUAGE CODE
Language code of text/sound track or separate title eng
082 ## - DEWEY DECIMAL CLASSIFICATION NUMBER
Classification number 532
Item number GAR/FL
100 ## - MAIN ENTRY--AUTHOR NAME
Personal name Garde, RJ
245 ## - TITLE STATEMENT
Title Fluid Mechanics Through Problems
250 ## - EDITION STATEMENT
Edition statement 2nd Reprint
260 ## - PUBLICATION, DISTRIBUTION, ETC. (IMPRINT)
Place of publication New Delhi:
Name of publisher Wiley Eastern Ltd,
Year of publication 1989.
300 ## - PHYSICAL DESCRIPTION
Number of Pages 660p.
942 ## - ADDED ENTRY ELEMENTS (KOHA)
Koha item type Books
Holdings
Withdrawn status Lost status Damaged status Home library Current library Date acquired Cost, normal purchase price Full call number Accession Number Koha item type
      KAUAET KAUAET 06/02/2025 110.00 532 GAR/FL 18257 Books
free website counter